000 00679nam a2200193Ia 4500
010 _aBAC-CH25
020 _a9781447263005
_c350.00
035 _aB-557396-422
035 _aB-667220
037 _bAakar/Ven
_adpl
082 _aN
100 _aBaldacci, David
245 _aThe finisher /
_cby David Baldacci
260 _aLondon
_bMacmillan Children's Books
_c2014
300 _a505p.
_c20cm(pbk)
942 _cCH
_2ddc
_hN
_mBAL
999 _c85567
_d85567